Ajuste estructural e integración en Costa Rica /
Se reflexiona acerca de las implicaciones de la implementación de los Programas de Ajuste Estructural en Costa Rica. Se evidencia que la implementación de dichos Ajustes Estructurales, ha sido variopinta, y que los avances en competitividad económica son dispares: por un lado, avanzando en sobremane...
Wedi'i Gadw mewn:
| Prif Awdur: | |
|---|---|
| Fformat: | Llyfr |
| Pynciau: | |
| Tagiau: |
Ychwanegu Tag
Dim Tagiau, Byddwch y cyntaf i dagio'r cofnod hwn!
|
MARC
| LEADER | 00000nam a22000007a 4500 | ||
|---|---|---|---|
| 003 | cru CIDCACS/IIS | ||
| 005 | 20230804062553.0 | ||
| 007 | ta | ||
| 008 | 161013 cr||||| |||| 00| 0 spa d | ||
| 040 | |c cru CIDCACS/IIS | ||
| 100 | 1 | |9 183 |a Alonso, Eduardo | |
| 245 | 1 | |a Ajuste estructural e integración en Costa Rica / |c Eduardo Alonso | |
| 300 | |a páginas 297-299 | ||
| 520 | |a Se reflexiona acerca de las implicaciones de la implementación de los Programas de Ajuste Estructural en Costa Rica. Se evidencia que la implementación de dichos Ajustes Estructurales, ha sido variopinta, y que los avances en competitividad económica son dispares: por un lado, avanzando en sobremanera en política arancelaria, de precios; en contraste con el nulo abordaje de la política fiscal y de finanzas públicas. Asimismo, se mencionan las vinculaciones del tema con la integración regional y hemisférica y las habilidades de negociación individuales y colectivas en Costa Rica y para el caso centroamericano. Se concluye mencionando la relevancia de ambas temáticas en el desarrollo económico costarricense, y la responsabilidad de implementación oportuna de políticas públicas en esta línea, tanto a corto, como a mediano y largo plazo. | ||
| 650 | 4 | |9 3818 |a CONVENIOS COMERCIALES | |
| 650 | 4 | |9 2642 |a INTEGRACION ECONOMICA | |
| 650 | 4 | |9 1945 |a COMERCIO INTERNACIONAL | |
| 650 | 0 | |9 8001 |a COMERCIO INTRARREGIONAL | |
| 650 | 0 | |9 390 |a REFORMA ECONOMICA | |
| 650 | 0 | |9 3517 |a PRIVATIZACION | |
| 650 | 0 | |9 5225 |a NEGOCIACIONES COMERCIALES | |
| 650 | 4 | |9 1942 |a NEGOCIACIONES INTERNACIONALES | |
| 650 | 0 | |9 8007 |a POLITICA ADUANERA | |
| 650 | 0 | |a POLITICA COMERCIAL INTERNACIONAL |9 3683 | |
| 650 | 0 | |a POLITICA DE COMPETENCIA |9 3677 | |
| 650 | 4 | |9 4425 |a AJUSTE ESTRUCTURAL | |
| 650 | 0 | |9 304 |a COMERCIO EXTERIOR | |
| 650 | 0 | |9 5175 |a POLITICA FISCAL | |
| 650 | 4 | |9 2655 |a POLITICA ECONOMICA | |
| 650 | 4 | |9 2658 |a POLITICA MONETARIA | |
| 650 | 4 | |a POLITICA FINANCIERA |9 2657 | |
| 651 | 0 | |9 308 |a CENTROAMERICA | |
| 651 | 0 | |9 32 |a COSTA RICA | |
| 773 | 0 | |0 18603 |9 50 |a Coloquio Académico de las Américas |d San José, Costa Rica Instituto Interamericano de Cooperación para la Agricultura ; Instituto de Ciencias Económicas de la Universidad de Costa Rica 2000 |o 16245 |t Comercio e integración en las Américas / |z 9290394412 | |
| 942 | |2 ddc |c LI | ||
| 999 | |c 18614 |d 18614 | ||



